Statistiken für Bilder nach Buchstabe - S

Klicken Sie hier um das Quiz zu spielen!

Allgemein

  • Dieses Quiz wurde 6.766 mal gespielt
  • Das Durchschnittsergebnis liegt bei 11 aus 16

Antwortstatistiken

Antwort% Korrekt
Sense
90%
Schmied
88%
Smaragd
86%
Schottland
84%
Schimmel
83%
Stalin
79%
Scrabble
78%
Sizilien
77%
Storch
77%
Safran
65%
Sporen
59%
Shakespeare
46%
Shanghai
45%
Skeleton
45%
Saar
33%
Shuttlecock
14%

Verteilung der Resultate

Perzentil nach korrekt beantworteten Fragen

Anzahl Personen mit jedem Resultat

Ihre Resultats-Entwicklung

Sie haben dieses Quiz noch nicht gespielt